Statystyki dla Wszystkie gminy w Warmińsko-Mazurskim

Kliknij tutaj aby rozwiązać quiz!

Ogólne statystyki

  • Ten quiz został rozwiązany 95 razy
    (84 od ostatniego zresetowania)
  • Średni wynik to 49 z 116

Statystyki odpowiedzi

PowiatTyp GminyGmina% Poprawnych
Elbląg
89%
miasto na prawach powiatuOlsztyn
89%
mrągowskimiejska | wiejskaMrągowo
88%
miejsko-wiejskaLIdzbark
86%
ełckimiejska | wiejskaEłk
84%
bartoszyckimiejska | wiejskaBartoszyce
82%
giżyckimiejska | wiejskaGiżycko
82%
ostródzkimiejska | wiejskaOstróda
82%
gołdapskimiejsko-wiejskaGołdap
81%
iławskimiejska | wiejskaIława
81%
nidzickimiejsko-wiejskaNidzica
81%
oleckimiejsko-wiejskaOlecko
81%
szczycieńskimiejska | wiejskaSzczytno
81%
węgorzewskimiejsko-wiejskaWęgorzewo
81%
braniewskimiejska | wiejskaBraniewo
79%
działdowskimiejska | wiejskaDziałdowo
79%
kętrzyńskimiejska | wiejskaKętrzyn
79%
lidzbarskimiejska | wiejskaLidzbark Warmiński
79%
piskimiejsko-wiejskaPisz
75%
nowomiejskimiejska | wiejskaNowe Miasto Lubawskie
68%
miejsko-wiejskaMikołajki
67%
miejsko-wiejskaOlsztynek
63%
miejska | wiejskaLubawa
56%
miejsko-wiejskaFrombork
53%
miejsko-wiejskaDobre Miasto
51%
miejsko-wiejskaMorąg
51%
miejsko-wiejska | wiejskaBiskupiec
49%
miejsko-wiejskaRuciane-Nida
49%
elbląskimiejsko-wiejskaPasłęk
46%
olsztyńskimiejsko-wiejskaBarczewo
44%
miejsko-wiejskaRyn
44%
miejsko-wiejskaPasym
40%
miejsko-wiejskaJeziorany
39%
miejsko-wiejskaOrneta
39%
miejsko-wiejskaOrzysz
39%
miejsko-wiejskaReszel
39%
wiejskaStawiguda
39%
miejsko-wiejskaTolkmicko
39%
miejsko-wiejskaBisztynek
35%
wiejskaGietrzwałd
35%
miejsko-wiejskaMiłomłyn
35%
miejsko-wiejskaPieniężno
35%
miejsko-wiejskaSępopol
35%
miejsko-wiejskaSusz
35%
miejsko-wiejskaBiała Piska
33%
miejsko-wiejskaKorsze
33%
miejsko-wiejskaZalewo
33%
wiejskaDywity
30%
miejska | wiejskaGórowo Iławeckie
30%
miejsko-wiejskaMiłakowo
30%
miejsko-wiejskaKisielice
28%
wiejskaPiecki
28%
wiejskaPurda
28%
wiejskaStare Juchy
28%
wiejskaKowale Oleckie
26%
wiejskaKurzętnik
26%
miejsko-wiejskaMłynary
26%
wiejskaJedwabno
25%
wiejskaKolno
25%
wiejskaMałdyty
25%
wiejskaSorkwity
25%
miejsko-wiejskaWielbark
25%
wiejskaWydminy
25%
wiejskaBanie Mazurskie
23%
wiejskaBarciany
23%
wiejskaGrunwald
23%
wiejskaIłowo-Osada
23%
wiejskaJanowiec Kościelny
23%
wiejskaDźwierzuty
19%
wiejskaKruklanki
19%
wiejskaŁukta
19%
wiejskaMiłki
19%
wiejskaRybno
19%
wiejskaJanowo
18%
wiejskaJonkowo
18%
wiejskaProstki
18%
wiejskaRozogi
18%
wiejskaSrokowo
18%
wiejskaDąbrówno
16%
wiejskaKozłowo
16%
wiejskaPozezdrze
16%
wiejskaŚwiętajno
16%
wiejskaDubeninki
14%
wiejskaKalinowo
14%
wiejskaKiwity
14%
wiejskaŚwiątki
14%
wiejskaWieliczki
12%
wiejskaBudry
11%
wiejskaGrodziczno
11%
wiejskaLelkowo
11%
wiejskaLubomino
11%
wiejskaPłośnica
11%
wiejskaWilczęta
11%
wiejskaMarkusy
9%
wiejskaGodkowo
7%
wiejskaGronowo Elbląskie
7%
wiejskaRychliki
7%
wiejskaMilejewo
5%
wiejskaPłoskinia
5%

Rozkład punktacji

Percentyl według liczby udzielonych odpowiedzi

Procent ludzi z każdym wynikiem

Twoja historia wyników

Nie rozwiązałeś tego quizu od ostatniego zresetowania